000 02053nam a2200469 a 4500
001 60859
003 BLK
005 20250118142032.0
008 180408b bul|||||r ||||||| ||bul||
010 _aKNG00065047000
040 _aBLK
041 _aBUL
_cBUL
080 _aИстория на България
_b94(497.2)
_x(092)
_z94(497.2)(092)
080 _aБългарска литература
_b821.163.2
_x.09(092)
_z821.163.2.09(092)
080 _aНаука. Наукознание. Организация на умствения труд
_b001
_x(497.2)(092)
_z001(497.2)(092)
080 _aИзкуство. Художествени занаяти. Фотография. Музика. Развлечения. Игри. Спорт
_b7
_x(497.2)(092)
_z7(497.2)(092)
080 _aБиографии
_b929
_z929
139 _aБележити българи
_bБ 34
245 1 0 _aБележити българи
_bОчерци : В 7 т.
_cсъстав. на том Стефан Коларов; ред. на том Ефрем Карамфилов.
_nТ. 7
_p1878 - 1981
257 _aBGR
260 _aСофия
_bВоен. изд.
_c1967 -
300 _c24 см
380 _a9
650 0 _aБългария - история - биографии
_9266868
650 4 _aБългарска литература - биографии
_9273691
650 4 _aНаука - България
_9286848
653 _aбългари
653 _aбиографии
653 _aбългарски писатели
653 _aбългарски учени
700 1 _aКоларов, Стефан
_eсъстав. на том
_9369277
700 1 _aКарамфилов, Ефрем
_eред. на том
_9369978
760 1 _d1982
_h768 с. : с портр.
_tТ. 7 1878 - 1981
852 _aЦб 5085
856 4 _qpdf
856 4 _qpdf
942 _cKNG
_n0
_s1
944 _aCR
_c13.06.2004
_k30560
_lГеновева Генчева
944 _aED
_c26.09.2017
_kВася_Ганчева
999 _c60859
_d60859
999 _d60859
999 _d60859